000
00263nam a2200121Ia 4500
100
_a
Kamal/ Raj/ Sawhney/R.L.
942
_c
BK
654
_a
Laser optics
245
_a
Laser Optics
260
_b
Wiley eastern
_a
New Delhi
_c
1992
546
_a
ENGLISH
999
_c
34917
_d
34917